|
|
|
|
| LEADER |
00000nab a2200000 a 4500 |
| 001 |
vtls000932687 |
| 003 |
SK-MaSNL |
| 005 |
20260304204447.0 |
| 008 |
040720e20040402xo 0 slo |
| 035 |
|
|
|a KE41564
|
| 040 |
|
|
|a KEVKJB
|b slo
|c KEVKJB
|e AACR2
|
| 041 |
0 |
|
|a slo
|
| 044 |
|
|
|a xo
|c SK
|
| 080 |
|
|
|a 943.767.1
|2 1981
|
| 100 |
1 |
|
|a Duchoň, Jozef
|4 aut
|9 317656
|
| 245 |
1 |
0 |
|a Svadobné megakotly dodali Košičania
|b Košice v stredoveku. Vláda kráľa Mateja (6.)
|
| 300 |
|
|
|b 5 foto
|
| 600 |
0 |
7 |
|a Matej
|b I.,
|c uhorský kráľ,
|d 1440-1490
|2 KEVKJB
|9 90015
|
| 650 |
0 |
7 |
|a dejiny stredoveké
|2 KEVKJB
|9 885231
|
| 650 |
0 |
7 |
|a udalosti dejinné
|2 KEVKJB
|9 877280
|
| 650 |
0 |
7 |
|a svadby panovníckych rodov
|2 KEVKJB
|9 113422
|
| 650 |
0 |
7 |
|a dane
|2 KEVKJB
|9 2123
|
| 650 |
0 |
7 |
|a nádoby kuchynské
|2 KEVKJB
|9 1537772
|
| 651 |
|
7 |
|a Košice (Slovensko)
|2 KEVKJB
|9 18694
|
| 651 |
|
7 |
|a KE,
|2 KEVKJB
|9 877256
|
| 655 |
|
7 |
|a periodikum
|2 snkbucl
|9 29553
|
| 773 |
0 |
8 |
|t Košický večer
|g Roč. 15
|g Roč. 36, č.65, 2.4.2004, s. 5
|
| 773 |
0 |
8 |
|i Príl.:
|t Magazín. - Roč. 9 č. 13 (2004)
|
| 852 |
|
|
|a ZVYKNI
|b KIS3GCP
|
| 999 |
|
|
|c 3116149
|d 3118079
|